LEADER 01078nam a2200229 i 4500 001 000000244090 003 CaOOAMICUS 005 20150729000000.0 008 150729s1878 it u000 u ita u 013 $a222995 040 $aSeMil$bita 100 1 $aManning, Henry Edward .$0(OLS)http://semarc/name/20734 245 13$aLa missione interiore dello Spirito Santo /$cper Enrico Eduardo Manning ; volta in italiano sulla 2. ed. inglese dal sacerdote Andrea Fantoli. 260 $aTorino :$bCav. Pietro Marietti,$c1878. 300 $aVIII, 320 p. ;$c19 cm. 650 4$aSpirito Santo - Meditazioni.$0(OLS)http://semarc/subject/6356 650 4$aSpirito Santo - Teologia.$0(OLS)http://semarc/subject/1154 700 1 $aFantoli, Andrea.$0(OLS)http://semarc/name/82351 850 $aSeMil 852 $aSeMil$W1$xVenegono$y1$m3F III 302 FA$j194436$B194436$CSeMilBibl$Z2$F205046 $8I 996 $6245$aLa missione interiore dello Spirito Santo$9(OLS)http://semarc/title/346041 996 $6260$aTorino :$bCav. Pietro Marietti$9(OLS)http://semarc/publisher/34913 LEADER 01203nam a2200229 i 4500 001 000000047589 003 CaOOAMICUS 005 20120319000000.0 008 120319s1973 it u000 u ita u 013 $a18759 040 $aSeMil$bita 245 13$aIl senso religioso e l'uomo del nostro tempo :$blezioni, dibattiti, comunicazioni del 7. Convegno di Motta per insegnanti di religione /$c[a cura degli] Uffici Catechistici Diocesani della Lombardia. 260 $aMilano :$b[s.n.],$c1973. 300 $a211 p. ;$c24 cm. 500 $aContiene : Appendice. 650 4$aInsegnamento della religione cattolica .$0(OLS)http://semarc/subject/5447 700 1 $aLombardia : Uffici Catechistici Diocesani.$0(OLS)http://semarc/name/23653 700 1 $aConvegno di Motta per insegnanti di religione <7 ; 1973>.$0(OLS)http://semarc/name/23655 850 $aSeMil 852 $aSeMil$W1$xVenegono$y1$m2C IV 232$j13744$B13744$CSeMilBibl$Z2$F13744 $81 996 $6245$aIl senso religioso e l'uomo del nostro tempo :$blezioni, dibattiti, comunicazioni del 7. Convegno di Motta per insegnanti di religione$9(OLS)http://semarc/title/71777 996 $6260$aMilano :$b[s.n.]$9(OLS)http://semarc/publisher/29709 LEADER 01388nam a2200265 i 4500 001 000000204855 003 CaOOAMICUS 005 20110808000000.0 008 110808s1862 it u000 u ita u 013 $a183583 040 $aSeMil$bita 100 1 $aPetrarca, Francesco,$d<1304-1374>.$0(OLS)http://semarc/name/619 245 13$aLa vita di Romolo /$ccomposta in latino da Francesco Petrarca ; col volgarizzamento citato dagli accademici della Crusca di maestro Donato Da Pratovecchio ; edizione procurata da Luigi Barbieri. 260 $aBologna :$bPresso Gaetano Romagnoli,$c1862. 300 $a53 p. ;$c18 cm. 490 0 $aScelta di curiosità letterarie inedite o rare dal secolo 13. al 19 ;$v18. 500 $aCopia n. 120 di 202 esemplari numerati. 600 04$aRomolo .$0(OLS)http://semarc/subject/7573 700 1 $aBarbieri, Luigi <1827-1899>.$0(OLS)http://semarc/name/73798 700 1 $aAlbanzani, Donato.$0(OLS)http://semarc/name/73797 830 0$aScelta di curiosità letterarie inedite o rare dal secolo 13. al 19 ;$v18.$0(OLS)http://semarc/title/23703 850 $aSeMil 852 $aSeMil$W1$xVenegono$y1$m1O II 59 FA$j155349$B155349$CSeMilBibl$Z2$F166409 $8I 996 $6245$aLa vita di Romolo$9(OLS)http://semarc/title/296725 996 $6260$aBologna :$bPresso Gaetano Romagnoli$9(OLS)http://semarc/publisher/35249